[Event "CRO-chT (Women)"]
[Site "Pula"]
[Date "1999.09.16"]
[Round "7"]
[White "Lakos, Nikoletta"]
[Black "Madl, Ildiko"]
[Result "1/2-1/2"]
[WhiteElo "2335"]
[BlackElo "2435"]

1.e4 c5 2.Nf3 d6 3.Bb5+ Bd7 4.Bxd7+ Qxd7 5.c4 Nc6 6.d4 cxd4 7.Nxd4 Nf6 8.f3 g6
9.Be3 Bg7 10.Nc3 O-O 11.b3 Rfc8 12.O-O Qd8 13.Qd2 Qa5 14.Rfd1 Nd7 15.Rab1  1/2-1/2

[Event "Artek olJ"]
[Site "Artek"]
[Date "1999.09.18"]
[Round "7"]
[White "Tukhaev, A."]
[Black "Flumbort, Andras"]
[Result "0-1"]
[WhiteElo "2288"]
[BlackElo "2281"]

1.e4 c5 2.Nf3 d6 3.Bb5+ Bd7 4.Bxd7+ Qxd7 5.c4 Nc6 6.d4 cxd4 7.Nxd4 Nf6 8.Nc3 g6
9.b3 Bg7 10.Bb2 O-O 11.O-O Rad8 12.f3 e6 13.Nc2 Rfe8 14.Ne3 Qc7 15.Qd2 a6
16.Rac1 Qa5 17.Rfd1 Qg5 18.Qf2 Nh5 19.Na4 Ne5 20.h4 Qf4 21.Bxe5 Qxe5 22.Nc3 Qa5
23.Qc2 Qc5 24.Qd2 Be5 25.Ne2 Ng3 26.Kf2 Nh5 27.g3 Bg7 28.g4 Nf6 29.Kg2 h6
30.b4 Qe5 31.Nc3 Nh7 32.a3 Qf6 33.Qf2 g5 34.h5 Qe5 35.Rd3 Rc8 36.Qd2 Bf8
37.Rd1 Rc7 38.Ne2 Rec8 39.Nd4 Nf6 40.Rb3 Nd7 41.Qe2 Nb6 42.Rc3 Bg7 43.Rc2 Qf4
44.Kf1 Be5 45.Rdd2 Nd7 46.Rd1 Qf6 47.Nb3 Bf4 48.Rdc1 Bxe3 49.Qxe3 Ne5 50.Kg2 Nxc4
51.Qe2 Ne3+ 52.Qxe3 Rxc2+ 53.Rxc2 Rxc2+ 54.Kh3 Qb2  0-1

[Event "Donne Haas mem"]
[Site "Bonnevoie"]
[Date "1999.09.20"]
[Round "3"]
[White "Jansa, Vlastimil"]
[Black "Nezar, Mustapha"]
[Result "1-0"]
[WhiteElo "2442"]
[BlackElo "2296"]

1.e4 c5 2.Nf3 d6 3.Bb5+ Bd7 4.Bxd7+ Qxd7 5.c4 Nc6 6.Nc3 Ne5 7.d4 Nxf3+ 8.gxf3 e6
9.dxc5 dxc5 10.Bf4 a6 11.O-O Qc6 12.Qe2 Ne7 13.Bg3 h5 14.h4 Ng6 15.f4 Bd6
16.e5 Be7 17.Ne4 Bxh4 18.Rad1 Be7 19.f5 exf5 20.Nd6+ Bxd6 21.exd6+ Kd8 22.Rd5 f4
23.Bxf4 Qd7 24.Bh2 Rc8 25.f3 Rc6 26.Qd2 b6 27.Re1 Kc8 28.Qg5 Rd8 29.Re7 Qh3
30.Rxf7 Nh4 31.Qg3 Qe6 32.Re7 Qf6 33.f4 Nf5 34.Qh3 g6 35.d7+ Kc7 36.Rh7 Rd6
37.Rxd6 Qxd6  1-0

[Event "Wch U20 Girls"]
[Site "Yerevan"]
[Date "1999.09.20"]
[Round "3"]
[White "Machalova, Veronika"]
[Black "Krush, Irina"]
[Result "0-1"]
[WhiteElo "2115"]
[BlackElo "2432"]

1.e4 c5 2.Nf3 d6 3.Bb5+ Nc6 4.O-O e6 5.Re1 Ne7 6.d4 cxd4 7.Nxd4 a6 8.Bxc6+ bxc6
9.c4 e5 10.Nc2 Ng6 11.Nc3 Be6 12.b3 Be7 13.Ba3 O-O 14.Qd2 Ra7 15.Ne3 Nh4
16.Rad1 Rd7 17.Qe2 Bg5 18.Rd2 f5 19.exf5 Nxf5 20.Ne4 Nd4 21.Qd1 c5 22.b4 Rf4
23.f3 cxb4 24.Bxb4 Rxe4 25.fxe4 Qb6 26.a3 a5 27.Bc3 Nb3 28.Rd3 Nc5 29.Kh1 Nxe4
30.Qe2 Rf7 31.Nd1 Nc5 32.Re3 Bxe3 33.Qxe3 Bxc4 34.Nb2 Ba6 35.h3 Bb7 36.Nc4 Qc6
37.Qd2 Ne4 38.Rxe4 Qxe4 39.Nxd6 Qb1+ 40.Kh2 Re7 41.Qg5 Qg6 42.Qxg6 hxg6 43.Nxb7 Rxb7
44.Bxa5 Kf7 45.Bb4 Ke6 46.Kg3 Rf7 47.Bd2 Kd5 48.a4 Kd4 49.a5 Kd3 50.Bb4 e4
51.Kg4 e3 52.Kg5 Rf6 53.g4 e2 54.Be7 e1=Q 55.Bxf6 Qe3+ 56.Kxg6 Qh6+  0-1

[Event "Wch U20"]
[Site "Yerevan"]
[Date "1999.09.22"]
[Round "5"]
[White "Bucinskas, Valdas"]
[Black "Smetankin, Stanislav"]
[Result "1/2-1/2"]
[WhiteElo "2248"]
[BlackElo "2385"]

1.e4 c5 2.Nf3 d6 3.Bb5+ Nd7 4.d4 Nf6 5.Nc3 a6 6.Bxd7+ Nxd7 7.d5 g6 8.a4 Bg7
9.Be3 O-O 10.O-O Rb8 11.Qc1 Re8 12.Bh6 Bh8 13.Ng5 Nf6 14.h3 b5 15.axb5 axb5
16.f4 b4 17.Ne2 Qb6 18.Ng3 Nd7 19.f5 Ne5 20.Qf4 f6 21.Nf3 Bd7 22.Nxe5  1/2-1/2

[Event "Paks 09 IM"]
[Site "Paks"]
[Date "1999.09.25"]
[Round "5"]
[White "Brigljevic, Milan"]
[Black "Farkas, Tibor"]
[Result "1/2-1/2"]
[WhiteElo "2313"]
[BlackElo "2288"]

1.e4 c5 2.Nf3 d6 3.Bb5+ Bd7 4.Bxd7+ Qxd7 5.O-O Nc6 6.c3 Nf6 7.Qe2 e6 8.d4 cxd4
9.cxd4 d5 10.e5 Ne4 11.Rd1 Rc8 12.Be3 Be7 13.Ne1 f6 14.f3 Ng5 15.exf6 Bxf6
16.Nc3 O-O 17.Rac1 Nf7 18.f4 Nd6 19.Nf3 b6 20.Bf2 Rfe8 21.Bh4 Bxh4 22.Nxh4 Qf7
23.g3 Qf6 24.Nf3 Nf5 25.Qd2 Rf8 26.Ne2 Qe7 27.Rc3 Qd7 28.Rdc1 Nce7 29.Ne5 Qb7
30.Qd3 Nd6 31.Rxc8 Rxc8 32.Nc3 Ne4 33.Re1 Nxc3 34.bxc3 Qc7 35.Rc1 Nf5 36.c4 dxc4
37.Rxc4 Qd8 38.Nf3 h6 39.g4 Ne7 40.Rxc8 Qxc8 41.Kg2 Qd7 42.Kg3 Qd5 43.a3 Nc6
44.h4 b5 45.g5 Ne7 46.h5 Nf5+ 47.Kf2 Qa2+ 48.Nd2 Qd5 49.Nf3 Qa2+ 50.Nd2 Qd5  1/2-1/2

[Event "Wch U20"]
[Site "Yerevan"]
[Date "1999.09.26"]
[Round "9"]
[White "Budnikov, O."]
[Black "Vuckovic, Bojan"]
[Result "0-1"]
[WhiteElo "2331"]
[BlackElo "2433"]

1.e4 c5 2.Nf3 d6 3.Bb5+ Bd7 4.Bxd7+ Qxd7 5.O-O Nc6 6.c3 Nf6 7.Qe2 e6 8.d4 cxd4
9.Bg5 Be7 10.cxd4 d5 11.e5 Ne4 12.Be3 O-O 13.Rd1 Rac8 14.Ne1 f5 15.exf6 Bxf6
16.Na3 e5 17.dxe5 Bxe5 18.Nf3 Bb8 19.Nc2 Qd6 20.Rac1 Rxf3 21.Qxf3 Qxh2+ 22.Kf1 Rf8
23.Qg4 Ng3+ 24.Ke1 Qxg2 25.Qe6+ Kh8 26.Qxd5 Ne4 27.Ke2 Ne5 28.Rd4 Rxf2+ 29.Bxf2 Qxf2+
30.Kd1 Qf3+ 31.Ke1 Nd3+ 32.Rxd3 Bg3+  0-1

[Event "Wch U20"]
[Site "Yerevan"]
[Date "1999.09.30"]
[Round "13"]
[White "Bucinskas, Valdas"]
[Black "Pinter, Erik"]
[Result "1-0"]
[WhiteElo "2248"]
[BlackElo "2163"]

1.e4 c5 2.Nf3 d6 3.Bb5+ Nd7 4.O-O Nf6 5.Re1 a6 6.Bf1 Ne5 7.c3 Nxf3+ 8.Qxf3 Qb6
9.Na3 e6 10.Nc4 Qc7 11.a4 Be7 12.a5 O-O 13.d4 Bd7 14.Bf4 Bb5 15.Nb6 Rad8
16.c4 Be8 17.e5 dxe5 18.dxe5 Nd7 19.Qg3 Kh8 20.Nd5 exd5 21.cxd5 g5 22.d6 gxf4
23.Qc3 Qxd6 24.exd6+ Bf6 25.Qh3 Ne5 26.Qf5  1-0

[Event "World Cities-ch 2nd"]
[Site "Shenyang"]
[Date "1999.10.04"]
[Round "1"]
[White "Liu Dede"]
[Black "Wu Shaobin"]
[Result "1/2-1/2"]
[WhiteElo "2388"]
[BlackElo "2496"]

1.e4 c5 2.Nf3 d6 3.Bb5+ Nd7 4.O-O Nf6 5.d4 a6 6.Bxd7+ Nxd7 7.c4 cxd4 8.Qxd4 e6
9.Rd1 Qc7 10.Nc3 Ne5 11.Nxe5 dxe5 12.Qd3 Be7 13.Be3 Bd7 14.Rac1 Rd8 15.Qe2 O-O
16.c5 Bc6 17.b4 Rxd1+ 18.Rxd1 Rd8 19.Rxd8+ Qxd8 20.Qd2 Qxd2 21.Bxd2 b5 22.f3 Kf8
23.Kf2 Ke8 24.Ke2  1/2-1/2

[Event "World Cities-ch 2nd"]
[Site "Shenyang"]
[Date "1999.10.06"]
[Round "5"]
[White "Peng Xiaomin"]
[Black "Sandipan, Chanda"]
[Result "1-0"]
[WhiteElo "2574"]
[BlackElo "2433"]

1.e4 c5 2.Nf3 d6 3.Bb5+ Bd7 4.Bxd7+ Qxd7 5.c4 g6 6.Nc3 Bg7 7.d4 cxd4 8.Nxd4 Nc6
9.Be3 Nf6 10.f3 Rc8 11.Nde2 O-O 12.O-O b6 13.Qd2 Rfd8 14.Rfd1 Qb7 15.b3 a6
16.a4 e6 17.Bg5 Rd7 18.Rab1 Nb4 19.Rbc1 Ne8 20.Bh4 f6 21.f4 Rcd8 22.Qe3 Nc7
23.Bf2 Rb8 24.Rd2 Bf8 25.Rcd1 d5 26.exd5 Bc5 27.Qf3 Bxf2+ 28.Kxf2 exd5 29.Nxd5 Ncxd5
30.cxd5 Rd6 31.f5 g5 32.Nc3 Rf8 33.Ne4 Rd7 34.Qc3 a5 35.Nxf6+ Rxf6 36.Qxf6 Qc7
37.Re2  1-0

[Event "Tatry op"]
[Site "Tatranska Lomnica"]
[Date "1999.10.06"]
[Round "5"]
[White "Petrik, Stanislav"]
[Black "Vojtek, Vladimir"]
[Result "0-1"]
[WhiteElo "2263"]
[BlackElo "2386"]

1.e4 c5 2.Nf3 d6 3.Bb5+ Nd7 4.O-O Nf6 5.Re1 a6 6.Bf1 g6 7.c3 Bg7 8.d4 e5
9.dxe5 dxe5 10.Nbd2 b5 11.a4 Rb8 12.axb5 axb5 13.c4 b4 14.b3 O-O 15.Bb2 Qc7
16.Bd3 Bb7 17.Nf1 Rfe8 18.Qc2 Nf8 19.Ne3 N6d7 20.Nd5 Qd6 21.g3 Ne6 22.Bf1 Nd4
23.Nxd4 cxd4 24.Qd2 Nc5 25.Qc2 Bc8 26.Bc1 f5 27.f3 Be6 28.Bd2 fxe4 29.fxe4 Rf8
30.Be2 Rf7 31.Rf1 Rfb7 32.Ra5 Bxd5 33.cxd5 Nxb3 34.Qxb3 d3 35.Be3 dxe2 36.Re1 Rc7
37.Bf2 Rc3 38.Qb2 Qc7 39.Ra7 Qc4 40.Rxe2 Bf8 41.Be1 Bc5+  0-1

[Event "Seeburg op 1st"]
[Site "Lucern"]
[Date "1999.10.09"]
[Round "2"]
[White "Sedina, Elena"]
[Black "Loetscher, Pirmin"]
[Result "1/2-1/2"]
[WhiteElo "2398"]
[BlackElo "2085"]

1.e4 c5 2.Nf3 d6 3.Bb5+ Bd7 4.Bxd7+ Qxd7 5.c4 Nc6 6.d4 cxd4 7.Nxd4 g6 8.Nc3 Bg7
9.Be3 Nf6 10.f3 O-O 11.O-O Rfc8 12.b3 Rab8 13.Qd2 Qd8 14.Nxc6 bxc6 15.Bxa7 Ra8
16.Bd4 Qa5 17.Rac1 Ra6 18.Rc2 Rca8 19.Na4 Qxd2 20.Rxd2 Bh6 21.Rc2 c5 22.Bf2 Nd7
23.Nc3 Ra3 24.Na4 Ra6 25.Re1 Ne5 26.Rd1 Nc6 27.Re2 Nb4 28.Bh4 g5 29.Bg3 Rxa2
30.Rxa2 Nxa2 31.e5 Bf8 32.exd6 exd6 33.Re1 f5 34.f4 g4 35.Re6 Kf7 36.Re1 Bg7
37.Bh4 Bf6 38.Bxf6 Kxf6 39.Kf2 Nb4 40.Re8 Ra7 41.Rf8+ Ke6 42.Re8+ Kf7 43.Rh8 Ke6
44.Kg3 Nc2 45.Nc3 Nd4 46.Nd5 Nxb3 47.Rf8 Rf7 48.Re8+ Kd7 49.Rb8 Nd2 50.Rb7+ Ke6
51.Nc7+ Kf6 52.Nd5+ Ke6  1/2-1/2

[Event "EU-ch U20 Girls"]
[Site "Patras"]
[Date "1999.10.09"]
[Round "5"]
[White "Polovnikova, Ekaterina"]
[Black "Iwaniuk, Dorota"]
[Result "1/2-1/2"]
[WhiteElo "2299"]
[BlackElo "2189"]

1.e4 c5 2.Nf3 d6 3.Bb5+ Nc6 4.d4 cxd4 5.Qxd4 Bd7 6.Bxc6 Bxc6 7.O-O Nf6 8.Re1 e6
9.c4 Be7 10.Nc3 O-O 11.Bg5 a6 12.Rad1 Qc7 13.Qd3 Rfd8 14.Nd4 Rac8 15.b3 Be8
16.a4 Qa5 17.Qd2 Kh8 18.h3 h6 19.Bh4 g5 20.Bg3 Nh5 21.Bh2 Bf6 22.h4 Be5 23.hxg5 Bxh2+
24.Kxh2 Qxg5 25.Re3 Rc5 26.Rf3 Qxd2 27.Rxd2 Kg7 28.Nde2 b5 29.cxb5 axb5 30.b4 Rc4
31.axb5 Rxb4 32.e5 d5 33.Rd4 Rxd4 34.Nxd4 Kg6 35.g4 Ng7 36.Nce2 Rb8 37.Nf4+ Kg5
38.Kg3 h5 39.Nxh5 Nxh5+ 40.gxh5 Kxh5 41.Kf4 Bd7 42.Rb3 Rb6 43.Ra3 Kg6 44.Rg3+ Kh6
45.Rg1 Rb7 46.Rb1 Rb6 47.Ke3 f6 48.f4 fxe5 49.fxe5 Kg5 50.Rg1+ Kh6 51.Kd2 Rb7
52.Rb1 Kg5 53.Rb4 Rb6 54.Ke3 Kg4 55.Nxe6+ Kf5 56.Nc5 Rxb5  1/2-1/2

[Event "EU-ch U20"]
[Site "Patras"]
[Date "1999.10.10"]
[Round "6"]
[White "Markidis, Konstantinos"]
[Black "Lelumees, Brait"]
[Result "1-0"]
[WhiteElo "2295"]
[BlackElo "2121"]

1.e4 c5 2.Nf3 d6 3.Bb5+ Nc6 4.O-O g6 5.c3 Nf6 6.d4 Bd7 7.Re1 Bg7 8.d5 Ne5
9.Bxd7+ Nexd7 10.a4 O-O 11.Na3 a6 12.Bf4 h6 13.h3 Rb8 14.Nc4 b6 15.Qd2 Kh7
16.Bh2 Qc8 17.e5 dxe5 18.Ncxe5 Rb7 19.Rad1 Nxe5 20.Nxe5 Ne8 21.Qe2 b5 22.Nc6 Bf6
23.Be5 e6 24.axb5 axb5 25.Qf3 Bxe5 26.Nxe5 Nc7 27.dxe6 Nxe6 28.Qf6 Ng7 29.Rd5 Re8
30.Red1 Re6 31.Qf4 Qb8 32.Nd3 c4 33.Qxb8 Rxb8 34.Nc5 Rc6 35.Nd7 Rb7 36.Nf8+ Kg8
37.Rd8 g5 38.Ra8 b4 39.Ne6+ Kh7 40.Nd8 bxc3 41.bxc3 Rbc7 42.Nxc6 Rxc6 43.g3 Kg6
44.Rdd8 Ne6 45.Rdc8 Nc7 46.Ra7  1-0

[Event "Asia-chT (Women)"]
[Site "Shenyang"]
[Date "1999.10.10"]
[Round "1"]
[White "Li Ruofan"]
[Black "Wang Pin"]
[Result "1/2-1/2"]
[WhiteElo "2262"]
[BlackElo "2413"]

1.e4 c5 2.Nf3 d6 3.Bb5+ Bd7 4.Bxd7+ Qxd7 5.O-O Nc6 6.b3 Nf6 7.Qe2 e6 8.Bb2 Be7
9.c4 O-O 10.d4 cxd4 11.Nxd4 a6 12.Rd1 Nxd4 13.Rxd4 Qc6 14.Nc3 Rfd8 15.Rad1 b5
16.e5  1/2-1/2

[Event "Asia-chT"]
[Site "Shenyang"]
[Date "1999.10.10"]
[Round "1"]
[White "Antonio, Rogelio Jr"]
[Black "Mas, Hafizulhelmi"]
[Result "1-0"]
[WhiteElo "2558"]
[BlackElo "2426"]

1.e4 c5 2.Nf3 d6 3.Bb5+ Bd7 4.Bxd7+ Nxd7 5.O-O Ngf6 6.Qe2 e6 7.b3 Qc7 8.c4 Be7
9.Bb2 a6 10.d4 cxd4 11.Nxd4 O-O 12.Nc3 Rfe8 13.Kh1 Bf8 14.f4 e5 15.fxe5 Rxe5
16.Nf5 g6 17.Ne3 Rae8 18.Qf3 Bg7 19.Ncd5 Qd8 20.Bxe5 Rxe5 21.Rad1 Qe8 22.Nxf6+ Nxf6
23.c5 dxc5 24.Nc4 Re7 25.e5 Nd7 26.e6 fxe6 27.Qxb7 Bd4 28.Qxa6  1-0

[Event "Asia-chT"]
[Site "Shenyang"]
[Date "1999.10.11"]
[Round "3"]
[White "Kotsur, Pavel"]
[Black "Ghaem Maghami, Eshan"]
[Result "1/2-1/2"]
[WhiteElo "2548"]
[BlackElo "2373"]

1.e4 c5 2.Nf3 d6 3.Bb5+ Nd7 4.O-O Nf6 5.Re1 a6 6.Bf1 e5 7.c3 Be7 8.d4 Qc7
9.a4 b6 10.dxe5 Nxe5 11.Nxe5 dxe5 12.Nd2 O-O 13.Bc4 Bb7 14.f3 Bc6 15.Qb3 Qb7
16.Nf1 Rad8 17.Be3 b5 18.axb5 axb5 19.Be2 c4 20.Qc2 Nd7 21.b3 cxb3 22.Qxb3 Bc5
23.Kh1 Qb6 24.Bg5  1/2-1/2

[Event "EU-ch U20"]
[Site "Patras"]
[Date "1999.10.14"]
[Round "9"]
[White "Markidis, Konstantinos"]
[Black "Nikolchovski, T."]
[Result "1-0"]
[WhiteElo "2295"]
[BlackElo "2190"]

1.e4 c5 2.Nf3 d6 3.Bb5+ Nd7 4.O-O Nf6 5.Re1 a6 6.Bf1 b6 7.c4 g6 8.Nc3 Bg7
9.d4 cxd4 10.Nxd4 O-O 11.Be3 Bb7 12.f3 Rc8 13.Rc1 e6 14.Qd2 Re8 15.Kh1 Ne5
16.b3 h5 17.Bg5 Qd7 18.Red1 Nh7 19.Be3 f5 20.exf5 gxf5 21.Be2 Qf7 22.Na4 Nd7
23.Nc2 d5 24.Nxb6 Nxb6 25.Bxb6 Qg6 26.Be3 h4 27.Qe1 Qh5 28.f4 Qh6 29.Bf3 Nf6
30.Nd4 Ne4 31.cxd5 Rxc1 32.Rxc1 Bxd5 33.Rd1 Rc8 34.Kg1 Bf6 35.Nxf5 Qh7 36.Nd4 Qg6
37.Qf1 Rc3 38.Qe1 Bxd4 39.Rxd4 Rc2 40.Qxh4 Nc3 41.Qg5 Qxg5 42.fxg5 Ne2+ 43.Bxe2 Rxe2
44.Bf2 Rxa2 45.h4 Bxb3 46.Rd8+ Kf7 47.h5 Ra1+ 48.Kh2 Rd1 49.g6+ Kf6 50.Rf8+ Kg7
51.Rf7+ Kh8 52.h6 e5  1-0

[Event "EU-ch U20"]
[Site "Patras"]
[Date "1999.10.16"]
[Round "11"]
[White "Markidis, Konstantinos"]
[Black "Karner, Christoph"]
[Result "1-0"]
[WhiteElo "2295"]
[BlackElo "2181"]

1.e4 c5 2.Nf3 d6 3.Bb5+ Nd7 4.O-O Nf6 5.Re1 a6 6.Bf1 b6 7.c4 Ne5 8.d3 Bg4
9.Be2 Bxf3 10.Bxf3 g6 11.Nc3 Bg7 12.Be3 O-O 13.Be2 Nc6 14.Qd2 Re8 15.Bd1 Nd4
16.Ne2 Nxe2+ 17.Bxe2 e5 18.g3 Qd7 19.Kg2 b5 20.b3 bxc4 21.bxc4 Reb8 22.Rab1 Rb7
23.Rb2 Rab8 24.Reb1 Qc6 25.Rxb7 Rxb7 26.Rxb7 Qxb7 27.Qa5 Qc8 28.Bd1 Bf8 29.Ba4 Qb7
30.f3 Kg7 31.Qc3 Ng8 32.Bd2 Be7 33.Qb3 Qxb3 34.axb3 Bd8 35.b4 Bb6 36.Bd7 Ne7
37.Bc3 f6 38.f4 Bc7 39.Kf3 Kf7 40.h3 Ng8 41.f5 Nh6 42.Be6+ Kg7 43.b5 axb5
44.cxb5 Ng8 45.g4 g5 46.h4 h6 47.h5 Ne7 48.Bd2 Kf8 49.Ke2 Ke8 50.Kd1 Kd8
51.Bxg5 fxg5 52.f6 Ke8 53.Kc2 d5 54.exd5 Nc8 55.Bxc8 Kf7 56.Kc3 Kxf6 57.Kc4 Bd6
58.b6 e4 59.dxe4 Ke5 60.Bf5 Kf6 61.Kb5 Ke7 62.b7 Kd8 63.Kc6  1-0

[Event "BL9900 (Women)"]
[Site "Germany"]
[Date "1999.10.17"]
[Round "2.5"]
[White "Sarana, Oksana"]
[Black "Arnhold, Kerstin"]
[Result "1-0"]
[WhiteElo "2342"]
[BlackElo "2029"]

1.e4 c5 2.Nf3 d6 3.Bb5+ Nd7 4.d4 cxd4 5.Qxd4 a6 6.Ba4 b5 7.Bb3 e6 8.O-O Ngf6
9.Bg5 Be7 10.Re1 O-O 11.Nbd2 Bb7 12.c4 b4 13.Bc2 Qc7 14.Rad1 Nc5 15.b3 e5
16.Qb2 Ne6 17.Bxf6 Bxf6 18.Nf1 Nf4 19.Ne3 Rfd8 20.Bb1 Bc8 21.Nd5 Nxd5 22.Rxd5 Bg4
23.Re3 Be6 24.Rd1 Qe7 25.Qd2 a5 26.Rd3 Bg4 27.Rxd6 Bxf3 28.gxf3 Rxd6 29.Qxd6 Rd8
30.Qxd8+ Qxd8 31.Rxd8+ Bxd8 32.c5 Kf8 33.Bd3 Ke7 34.Bc4 g6 35.Bd5 h6 36.Kf1 f5
37.Ke2 Kd7 38.Kd3 f4 39.Kc4 Bc7 40.Bf7 g5 41.Kd5 Ke7 42.Kc6 Kd8 43.Kb7 Kd7
44.Be6+ Kd8 45.Bg4 a4 46.bxa4 Ba5 47.Ka6  1-0

[Event "Wichern op 5th"]
[Site "Hamburg"]
[Date "1999.10.18"]
[Round "5"]
[White "Larsen, Karsten"]
[Black "Bruemmel, Arend"]
[Result "1-0"]
[WhiteElo "2281"]
[BlackElo "2145"]

1.e4 c5 2.Nf3 d6 3.Bb5+ Bd7 4.Bxd7+ Qxd7 5.O-O g6 6.c3 Bg7 7.d4 cxd4 8.cxd4 Nc6
9.Nc3 Nf6 10.d5 Ne5 11.Nxe5 dxe5 12.Bg5 O-O 13.Bxf6 Bxf6 14.Qd2 e6 15.Rad1 Be7
16.dxe6 Qxe6 17.Qd5 Rad8 18.Qa5 a6 19.Rd5 Rxd5 20.Qxd5 Qb6 21.Qxe5 Bf6 22.Qf4 Bxc3
23.bxc3 Rc8 24.h4 Qb2 25.h5 Qxc3 26.Rd1 Qc2 27.Rd2 Qc1+ 28.Kh2 Qc7 29.Rd6 Qe7
30.h6 Rc5 31.Rd5 f6 32.Qb8+ Kf7 33.Qh8 Qc7+ 34.g3  1-0

[Event "Wichern op 5th"]
[Site "Hamburg"]
[Date "1999.10.20"]
[Round "7"]
[White "Larsen, Karsten"]
[Black "Thalwitzer, David"]
[Result "1-0"]
[WhiteElo "2281"]
[BlackElo "2136"]

1.e4 c5 2.Nf3 d6 3.Bb5+ Bd7 4.Bxd7+ Qxd7 5.O-O Nc6 6.c3 Nf6 7.d4 e6 8.d5 exd5
9.exd5 Ne7 10.Re1 g6 11.c4 O-O-O 12.b4 Bg7 13.Bb2 Nf5 14.bxc5 dxc5 15.Nc3 a6
16.Na4 Qc7 17.Be5 Nd6 18.Qb3 Nh5 19.Rab1 Rhe8 20.Bxd6 Rxe1+ 21.Nxe1 Rxd6
22.Nxc5 Qxc5 23.Qxb7+ Kd8 24.Qb8+ Ke7 25.Nd3 Qd4 26.Re1+ Re6 27.dxe6 fxe6
28.Qc7+ Kf6 29.Qe5+ Qxe5 30.Nxe5 Ke7 31.g3 Nf6 32.f4 Ne8 33.Rb1 Nc7 34.Rd1 Ne8
35.Rd7+ Kf6 36.Ra7 Kf5 37.Rxa6  1-0

[Event "VAM Hoogeveen op"]
[Site "Hoogeveen"]
[Date "1999.10.22"]
[Round "8"]
[White "Westerinen, Heikki MJ"]
[Black "Jens, Jonitz"]
[Result "1/2-1/2"]
[WhiteElo "2382"]
[BlackElo "2316"]

1.e4 c5 2.Nf3 d6 3.Bb5+ Nd7 4.c3 Nf6 5.d3 g6 6.O-O Bg7 7.Re1 a6 8.Ba4 b5
9.Bb3 O-O 10.d4 e5 11.Bg5 Qc7 12.Nbd2 Bb7 13.d5 h6 14.Bh4 Nh5 15.Nf1 Nf4
16.Ne3 c4 17.Bc2 Nc5 18.Rf1 Nfd3 19.Bxd3 Nxd3 20.b3 Nc5 21.Qc2 cxb3 22.axb3 Rfc8
23.Rfc1 a5 24.Nd2 Ba6 25.f3 h5 26.Bf2 Bh6 27.c4 b4 28.Ra2 Rf8 29.Rca1 Bc8
30.Nef1 Bd7 31.Be3 Bxe3+ 32.Nxe3 a4 33.Qb1 Qb6 34.bxa4 Nxa4 35.Qd3 Nc5 36.Qe2 Rxa2
37.Rxa2 b3 38.Rb2 Ra8 39.h3 Ra2 40.Ndf1 Rxb2 41.Qxb2 Na4 42.c5 Nxc5 43.Nc4 Qa7
44.Kh2 Bb5 45.Nfe3 Bxc4 46.Nxc4 Qa2 47.Qc3 Qc2 48.Qb4 Nd3 49.Qb8+ Kg7 50.Nxd6 Ne1
51.Nf5+ Kh7 52.Nh4 b2 53.Qf8 Qc7 54.d6 Qb7 55.Qe8 b1=Q 56.d7 Qxd7 57.Qxd7 Kg7
58.Nxg6 Kxg6 59.Qf5+ Kg7 60.Qxe5+ f6 61.Qxh5 Qb8+ 62.Kh1 Qg3 63.Qg4+ Qxg4
64.hxg4 Nd3 65.g3 Ne5 66.Kg2 Kf7  1/2-1/2

[Event "Itau Mercosul Cup 3rd"]
[Site "Sao Paulo"]
[Date "1999.10.22"]
[Round "9"]
[White "Martinez, Carlos Alejandro"]
[Black "Disconzi da Silva, Rodrigo"]
[Result "1/2-1/2"]
[WhiteElo "2460"]
[BlackElo "2336"]

1.e4 c5 2.Nf3 d6 3.Bb5+ Nc6 4.d4 cxd4 5.Qxd4 e5 6.Qd3 h6 7.Nc3 Nf6 8.Nd2 Be7
9.Nf1 O-O 10.Ne3 Be6 11.O-O Rc8 12.a3 Nd4 13.Ba4 a6 14.Ncd5 b5 15.Bb3 Nd7
16.Nxe7+ Qxe7 17.Bd5 Nb6 18.c3 Bxd5 19.Nxd5 Nxd5 20.cxd4 Nf6 21.Re1 Rc4 22.Be3 Rfc8
23.f3 Qc7 24.dxe5 dxe5 25.Rad1 a5 26.b3 Rc3 27.Qxb5 Rb8 28.Qa6 Rc6 29.Rc1 Rxa6
30.Rxc7 Rxb3 31.Bc1 Rd3 32.Kf2 a4 33.Re2 Rad6 34.Ra7 Rc6 35.Rd2 Rb3 36.Bb2 Nh5
37.Bxe5 Rxa3 38.h4 Rc8 39.g4 Nf6 40.Bxf6 gxf6 41.Rd6 Kg7 42.Rdd7 Rf8 43.Kg3 Ra1
44.Kf4 a3 45.Kf5 a2 46.f4 Rb1 47.Rxa2 Rc8 48.Raa7 Rb5+ 49.Rd5 Rb6 50.Rad7 Ra8
51.Rc7 Re8 52.Ra7 Rc6 53.Rb7 Ra6 54.Rc5 Rd6 55.Rcc7 Rf8 56.Re7 Ra6 57.Rb5 Rd8
58.h5 Rc8 59.Rbb7 Rf8 60.Rec7 Re6 61.Ra7 Rb6 62.Rd7 Rc6 63.Rac7 Ra6 64.Rc5 Rb6
65.Rcd5  1/2-1/2

[Event "Wch U18"]
[Site "Oropesa del Mar"]
[Date "1999.10.24"]
[Round "1"]
[White "Felgaer, Ruben"]
[Black "Cawdery, Daniel"]
[Result "1-0"]
[WhiteElo "2364"]
[BlackElo "2179"]

1.e4 c5 2.Nf3 d6 3.Bb5+ Bd7 4.Bxd7+ Qxd7 5.O-O Nc6 6.c3 Nf6 7.d4 cxd4 8.cxd4 Nxe4
9.d5 Ne5 10.Re1 Nxf3+ 11.Qxf3 Nf6 12.Nc3 e5 13.dxe6 fxe6 14.Bg5 Be7 15.Rad1 O-O
16.Qh3 h6 17.Bh4 g5 18.Bg3 e5 19.Qxd7 Nxd7 20.Ne4 Rac8 21.Nxd6 Rc2 22.h3 h5
23.Nc8 Bb4 24.Re4 h4 25.Bxh4 Nc5 26.Rxb4 gxh4 27.Rg4+ Kf7 28.Nd6+ Ke6 29.b4 Na4
30.Ne4 Rf4 31.Rd6+ Ke7 32.Rg7+ Rf7 33.Rxf7+ Kxf7 34.Rd7+ Ke6 35.Rxb7 a6 36.Ra7 Rc6
37.Rh7 Kd5 38.Rxh4 Rc2 39.Nf6+ Kc6 40.Ng4 Rxa2 41.Nxe5+ Kd5 42.Rh5 Kd4 43.Nc6+ Kc4
44.Ra5  1-0

[Event "Wch U16"]
[Site "Oropesa del Mar"]
[Date "1999.10.27"]
[Round "4"]
[White "Bhat, Vinay S"]
[Black "Smerdon, David"]
[Result "1-0"]
[WhiteElo "2388"]
[BlackElo "2173"]

1.e4 c5 2.Nf3 d6 3.Bb5+ Bd7 4.Bxd7+ Qxd7 5.c4 Nc6 6.Nc3 g6 7.d4 Bg7 8.d5 Bxc3+
9.bxc3 Na5 10.Nd2 e5 11.dxe6 Qxe6 12.Qa4+ Nc6 13.Rb1 O-O-O 14.O-O Nf6 15.Re1 Rhe8
16.Ba3 Kc7 17.Nf1 Qd7 18.Qc2 Na5 19.Nd2 Qc6 20.Bc1 Nd7 21.f3 Ne5 22.Nb3 Nexc4
23.Nxa5 Nxa5 24.c4 Qa6 25.Bg5 Rd7 26.Rec1 Nc6 27.Qd2 f5 28.exf5 gxf5 29.Bf4 Ne5
30.Rc2 Rde7 31.Rbc1 Re6 32.h3 Nc6 33.Qd5 b6 34.Qxf5 R8e7 35.Rd2 Nd4 36.Qd5 Rf6
37.Bg5 Re5 38.Qg8 Rxg5 39.Qxh7+ Kc6 40.Qe4+ Kd7 41.Qh7+ Kd8 42.Qh8+ Ke7 43.Re1+ Re5
44.Qg7+ Ke6 45.Qg4+ Kf7 46.Qd7+ Kf8 47.Qd8+ Kf7 48.Qd7+ Kf8 49.Qd8+ Kg7 50.Rxe5 dxe5
51.Qe7+ Kg6 52.Qe8+ Rf7 53.Qg8+ Kf6 54.Qd8+ Re7 55.f4 exf4 56.Qd6+ Ne6 57.Rd5 Qc8
58.Rh5 Rg7 59.Rh6+ Rg6 60.Rh7 Qf8 61.Qc6 Qd8 62.Rd7 Qb8 63.Qd5 Qe5 64.Rf7+ Kxf7
65.Qxe5 a5 66.Qb8 Nd4 67.Qxf4+ Rf6 68.Qc7+ Kg6 69.Kh2 Kf5  1-0

[Event "Wch U16"]
[Site "Oropesa del Mar"]
[Date "1999.10.29"]
[Round "6"]
[White "Bhat, Vinay S"]
[Black "Raceanu, Valentin"]
[Result "1-0"]
[WhiteElo "2388"]
[BlackElo "2293"]

1.e4 c5 2.Nf3 d6 3.Bb5+ Nc6 4.O-O Bd7 5.Re1 Nf6 6.c3 a6 7.Bf1 Bg4 8.d4 cxd4
9.cxd4 e5 10.d5 Nd4 11.Be3 Nxf3+ 12.gxf3 Bd7 13.Nd2 b5 14.a4 bxa4 15.Nc4 Be7
16.f4 Ng4 17.Bb6 Qb8 18.Rxa4 exf4 19.Bd4 O-O 20.Nb6 Ne5 21.Nxd7 Nxd7 22.Qg4 Ne5
23.Qxf4 f5 24.exf5 Bg5 25.Qe4 Re8 26.f4 Bh4 27.fxe5 Bxe1 28.e6 Bb4 29.f6 gxf6
30.Bxf6 Bc5+ 31.Kh1 Ra7 32.Qg4+ Kf8 33.Rf4 Be3 34.Be7+  1-0

[Event "Wch U16"]
[Site "Oropesa del Mar"]
[Date "1999.11.01"]
[Round "8"]
[White "Azarov, Sergei"]
[Black "Jakubowski, Krzysztof"]
[Result "1/2-1/2"]
[WhiteElo "2432"]
[BlackElo "2320"]

1.e4 c5 2.Nf3 d6 3.Bb5+ Nd7 4.d4 Nf6 5.Nc3 cxd4 6.Qxd4 e5 7.Qd3 h6 8.Be3 a6
9.Bc4 Qc7 10.O-O-O Be7 11.h3 Nc5 12.Bxc5 Qxc5 13.Rhf1 b5 14.Bb3 Be6 15.Bxe6 fxe6
16.Nh4 g5 17.Ng6 Rg8 18.Nxe7 Kxe7 19.Rd2 Rac8 20.g3 b4 21.Nd1 Qc4 22.Qxc4 Rxc4
23.f3 Rd4 24.Re2 Rc8 25.Rg1 Nd7 26.Re3 d5 27.Nf2 Kd6 28.b3 a5 29.Rge1 h5
30.R1e2 Re8 31.a4 Nc5 32.Kb2 dxe4 33.Nxe4+ Nxe4 34.Rxe4 Rxe4 35.Rxe4 Rf8
36.Re3 h4 37.g4 Rf4 38.c3 Kd5 39.cxb4 Rxb4 40.Kc3 Rb7 41.Rd3+ Kc5 42.Re3 Kd5  1/2-1/2

[Event "Chigorin mem"]
[Site "St Petersburg"]
[Date "1999.11.05"]
[Round "4"]
[White "Turov, Maxim"]
[Black "Babaev, Rashad"]
[Result "1-0"]
[WhiteElo "2529"]
[BlackElo "2353"]

1.e4 c5 2.Nf3 d6 3.Bb5+ Nd7 4.c3 Nf6 5.Qe2 a6 6.Ba4 e6 7.d4 Qa5 8.Bc2 cxd4
9.Nxd4 Be7 10.O-O O-O 11.c4 Qc7 12.b3 b6 13.Bb2 Bb7 14.Nc3 Rfe8 15.f4 Bf8
16.Rad1 Rac8 17.g4 e5 18.fxe5 Rxe5 19.Qg2 h5 20.g5 Ng4 21.Bc1 Ree8 22.g6 fxg6
23.Nd5 Qc5 24.h3 Nge5 25.Nf4 Nf6 26.b4 Qc7 27.Nxg6 Nxg6 28.Qxg6 Qf7 29.Qg5 Bxe4
30.Nf5 Kh7 31.Bb3 Re5 32.Bb2 Rxf5 33.Rxf5 Bxf5 34.Qxf5+ Qg6+ 35.Qxg6+ Kxg6
36.Rd2 Re8 37.Rg2+ Kh7 38.Bd4 Nd7 39.Ba4 Re7 40.Rg5 Nf6 41.Bc2+ Kh8 42.Bxb6 Re1+
43.Kf2 Rc1 44.Bd3 d5 45.c5 Ra1 46.Ke3 Rxa2 47.c6 Ra1 48.c7 Rc1 49.Bxa6  1-0

[Event "Monarch Assurance 8th"]
[Site "Port Erin"]
[Date "1999.11.06"]
[Round "1"]
[White "Psakhis, Lev"]
[Black "Maki Uuro, Miikka"]
[Result "1-0"]
[WhiteElo "2581"]
[BlackElo "2363"]

1.e4 c5 2.Nf3 d6 3.Bb5+ Bd7 4.Bxd7+ Nxd7 5.O-O Ngf6 6.Qe2 e6 7.b3 Be7 8.Bb2 O-O
9.c4 a6 10.d4 cxd4 11.Nxd4 Re8 12.Nc3 Bf8 13.Rad1 Qc7 14.f4 Rab8 15.Kh1 h6
16.Rd3 d5 17.cxd5 exd5 18.e5 Qa5 19.Nf5 Nb6 20.Qd1 Ne4 21.Nxh6+  1-0